00615nam a22001697a 4500020001800000082001700018100002100035245009000056260004100146300001900187490002600206650002900232700002000261942000700281999001900288952013800307 a9780521544634 a428.0076 JAK aJakeman, Vanessa aCambridge IELTS 4: examination papers from university of cambridge esol examinations  aUKbCambridge University Pressc2005 a176 p.eCD-ROM aIelts practice tests. aExamination Papers IELTS aMcDowell, Clare cBK c491114d491114 001040708NFICaCLbCLcGENd2018-03-21eDonationl7o428.0076 JAKpSEECSD01377q2025-12-13r2025-11-13s2025-11-13w2018-03-30yBK